000 00606nam a2200181 i 4500
001 bg
100 1 _aBACZYŃSKI, Zbigniew F.
245 0 _aAnaliza naprężeń w płytach dennych stalowych zbiorników cylindrycznych na podłożu nieciągłym /
_cZ. Baczyński, M. Janas.
260 _aWarszawa,
_c1979.
490 1 _aPrace Instytutu Podstawowych Problemów Techniki PAN ;
_v7
700 1 _aJANAS, Marek
830 _aPrace Instytutu Podstawowych Problemów Techniki PAN ;
040 _cBPK
041 _apol
080 _a621.6:539.3/.6
942 _cKS
008 s pl f |000 0 pol
999 _c21312
_d21312
856 _uhttp://koha.tu.koszalin.pl/cgi-bin/koha/opac-detail.pl?biblionumber=21312
_yKatalog online BPK